<?xml version="1.0" encoding="UTF-8"?><marc:collection xmlns:marc="http://www.loc.gov/MARC21/slim">
  <marc:record>
    <marc:leader>00966nam a22003012c 4500</marc:leader>
    <marc:controlfield tag="001">1946650854</marc:controlfield>
    <marc:controlfield tag="003">DE-627</marc:controlfield>
    <marc:controlfield tag="005">20251218165839.0</marc:controlfield>
    <marc:controlfield tag="007">tu</marc:controlfield>
    <marc:controlfield tag="008">251218s1978    xx |||||      00| ||und c</marc:controlfield>
    <marc:datafield tag="020" ind1=" " ind2=" ">
      <marc:subfield code="a">2827101424</marc:subfield>
      <marc:subfield code="9">2-8271-0142-4</marc:subfield>
    </marc:datafield>
    <marc:datafield tag="035" ind1=" " ind2=" ">
      <marc:subfield code="a">(DE-627)1946650854</marc:subfield>
    </marc:datafield>
    <marc:datafield tag="035" ind1=" " ind2=" ">
      <marc:subfield code="a">(DE-599)KXP1946650854</marc:subfield>
    </marc:datafield>
    <marc:datafield tag="040" ind1=" " ind2=" ">
      <marc:subfield code="a">DE-627</marc:subfield>
      <marc:subfield code="b">ger</marc:subfield>
      <marc:subfield code="c">DE-627</marc:subfield>
      <marc:subfield code="e">rakwb</marc:subfield>
    </marc:datafield>
    <marc:datafield tag="041" ind1=" " ind2=" ">
      <marc:subfield code="a">und</marc:subfield>
    </marc:datafield>
    <marc:datafield tag="084" ind1=" " ind2=" ">
      <marc:subfield code="a">1</marc:subfield>
      <marc:subfield code="2">ssgn</marc:subfield>
    </marc:datafield>
    <marc:datafield tag="100" ind1="1" ind2=" ">
      <marc:subfield code="a">Coyle, John Kevin</marc:subfield>
      <marc:subfield code="e">VerfasserIn</marc:subfield>
      <marc:subfield code="4">aut</marc:subfield>
    </marc:datafield>
    <marc:datafield tag="245" ind1="1" ind2="0">
      <marc:subfield code="a">Augustine's "De moribus ecclesiae catholicae"</marc:subfield>
      <marc:subfield code="b">A Study of the Work, its Composition and its Sources</marc:subfield>
      <marc:subfield code="c">John Kevin Coyle</marc:subfield>
    </marc:datafield>
    <marc:datafield tag="264" ind1=" " ind2="1">
      <marc:subfield code="a">Fribourg</marc:subfield>
      <marc:subfield code="b">The University Press</marc:subfield>
      <marc:subfield code="c">1978</marc:subfield>
    </marc:datafield>
    <marc:datafield tag="300" ind1=" " ind2=" ">
      <marc:subfield code="a">XXXVI, 466 S.</marc:subfield>
    </marc:datafield>
    <marc:datafield tag="336" ind1=" " ind2=" ">
      <marc:subfield code="a">Text</marc:subfield>
      <marc:subfield code="b">txt</marc:subfield>
      <marc:subfield code="2">rdacontent</marc:subfield>
    </marc:datafield>
    <marc:datafield tag="337" ind1=" " ind2=" ">
      <marc:subfield code="a">ohne Hilfsmittel zu benutzen</marc:subfield>
      <marc:subfield code="b">n</marc:subfield>
      <marc:subfield code="2">rdamedia</marc:subfield>
    </marc:datafield>
    <marc:datafield tag="338" ind1=" " ind2=" ">
      <marc:subfield code="a">Band</marc:subfield>
      <marc:subfield code="b">nc</marc:subfield>
      <marc:subfield code="2">rdacarrier</marc:subfield>
    </marc:datafield>
    <marc:datafield tag="490" ind1="0" ind2=" ">
      <marc:subfield code="a">Paradosis</marc:subfield>
      <marc:subfield code="v">25</marc:subfield>
    </marc:datafield>
    <marc:datafield tag="700" ind1="1" ind2=" ">
      <marc:subfield code="a">Augustinus, Aurelius</marc:subfield>
      <marc:subfield code="d">354-430</marc:subfield>
      <marc:subfield code="0">(DE-588)118505114</marc:subfield>
      <marc:subfield code="4">oth</marc:subfield>
    </marc:datafield>
    <marc:datafield tag="924" ind1="0" ind2=" ">
      <marc:subfield code="a">4830371463</marc:subfield>
      <marc:subfield code="b">DE-4020</marc:subfield>
      <marc:subfield code="9">4020</marc:subfield>
      <marc:subfield code="c">BSZ</marc:subfield>
      <marc:subfield code="d">d</marc:subfield>
      <marc:subfield code="g">B 999</marc:subfield>
    </marc:datafield>
    <marc:datafield tag="935" ind1=" " ind2=" ">
      <marc:subfield code="a">mteo</marc:subfield>
    </marc:datafield>
    <marc:datafield tag="951" ind1=" " ind2=" ">
      <marc:subfield code="a">BO</marc:subfield>
    </marc:datafield>
  </marc:record>
</marc:collection>
